A munkahelyi motiváció és a dolgozói elégedettség egy önállóan gazdálkodó központi költségvetési szervnél

Bibliographic Details
Main Author: Azumah Franciska
Other Authors: Krajcsák Dr. Zoltán
Format: Thesis
Kulcsszavak:motiváció
elégedettség
elkötelezettség
önállóan gazdálkodó központi költségvetési szerv
Online Access:http://dolgozattar.uni-bge.hu/16960

MARC

LEADER 00000nta a2200000 i 4500
001 dolg16960
005 20180516104851.0
008 180516suuuu hu om 000 hun d
040 |a BGE Dolgozattár Repozitórium  |b hun 
041 |a hu 
100 1 |a Azumah Franciska 
245 1 2 |a A munkahelyi motiváció és a dolgozói elégedettség egy önállóan gazdálkodó központi költségvetési szervnél  |c Azumah Franciska  |h [elektronikus dokumentum] 
695 |a motiváció 
695 |a elégedettség 
695 |a elkötelezettség 
695 |a önállóan gazdálkodó központi költségvetési szerv 
700 1 |a Krajcsák Dr. Zoltán  |e ths 
856 4 0 |u http://dolgozattar.uni-bge.hu/16960/1/Azumah_Franciska_szakdolgozat.pdf  |z Dokumentum-elérés 
856 4 0 |u http://dolgozattar.uni-bge.hu/16960/7/TITKOSITASI%20KERELEM.pdf  |z Dokumentum-elérés